Tous les villages de Mayotte sur une carte - Statistiques

Statistiques générales
  • Ce quiz a été pris 148 fois
  • Le résultat moyen est 32 sur 72
Réponses sur la Carte
Les réponses sont colorées sur une échelle allant du rouge au vert en fonction du pourcentage des utilisateurs qui les ont devinées à leur premier essai. Vous pouvez retrouver ces pourcentages ci-dessous.
 
Statistiques - réponses
Commune Village Population % Correct
Mamoudzou Mamoudzou 6 131
89%
Dzaoudzi Dzaoudzi 92
84%
Pamandzi Pamandzi 11 442
82%
Kani-Kéli Kani-Bé 948
80%
Kani-Kéli Kani-Kéli 2 313
80%
Dzaoudzi Labattoir 17 739
79%
Sada Sada 9 568
79%
Mamoudzou Kawéni 17 060
72%
Koungou Koungou 9 350
72%
Chiconi Chiconi 6 750
70%
Bouéni Bouéni 2 162
68%
Bandrélé Bandrélé 4 180
62%
Dembéni Dembéni 3 799
61%
Koungou Longoni 3 983
59%
Acoua Acoua 3 658
58%
Mtsamboro Mtsamboro 3 268
58%
Mamoudzou Mtsapéré 15 880
58%
Chirongui Chirongui 1 643
57%
Koungou Majicavo-Koropa 11 698
57%
Koungou Majicavo-Lamir 2 081
57%
Mamoudzou Cavani 9 740
54%
Tsingoni Tsingoni 3 072
54%
Mamoudzou Tsoundzou I 5 570
54%
Mamoudzou Tsoundzou II 2 559
54%
Mamoudzou Passamainty 8 430
53%
Tsingoni Combani 6 665
49%
Bandraboua Bandraboua 2 833
47%
Bandraboua Dzoumogné 6 075
47%
Ouangani Ouangani 3 736
47%
Mamoudzou Vahibé 6 067
47%
M'Tsangamouji M'Tsangamouji 4 463
46%
Mtsamboro Hamjago 1 899
43%
Tsingoni Miréréni 3 364
43%
Chirongui Mréréni 1 372
43%
Chirongui Poroani 2 297
41%
Dembéni Tsararano 4 838
41%
Dembéni Iloni 2 970
39%
Mtsamboro Mtsahara 2 538
39%
Kani-Kéli Passi-Kéli 419
38%
Koungou Kangani 1 022
37%
Koungou Trévani 4 022
37%
Chirongui Tsimkoura 1 406
37%
Bandrélé Bambo-Est 613
36%
Bouéni Bambo-Ouest 364
36%
Bandraboua Handréma 1 829
36%
Ouangani Kahani 3 073
36%
Bandraboua Bouyouni 1 948
34%
Ouangani Coconi 241
34%
Bandrélé Dapani 824
34%
Kani-Kéli Choungui 753
33%
Chirongui Malamani 779
33%
Acoua Mtsangadoua 1 534
33%
Bouéni Mzouazia 1 159
33%
Ouangani Barakani 3 153
32%
Sada Mangajou 1 588
30%
M'Tsangamouji Mliha 495
29%
Chirongui Mramadoudou 1 423
29%
Bandrélé M'tsamoudou 1 923
29%
Kani-Kéli Mronabéja 550
28%
Chiconi Sohoa 1 545
28%
Bouéni Mbouanatsa 215
26%
Bandrélé Nyambadao 1 692
25%
M'Tsangamouji Chembényoumba 1 474
24%
Kani-Kéli Mbouini 524
22%
Bouéni Hagnoundrou 847
21%
Bandrélé Hamouro 1 050
21%
Tsingoni Mroalé 833
21%
Bandraboua Mtsangamboua 1 304
20%
Bouéni Majiméouni 388
18%
Dembéni Hajangoua 2 130
17%
Bouéni Moinatrindri 1 054
17%
Dembéni Ongojou 2 111
16%
Aucun quiz correspondant
Distribution des résultats
% des personnes avec chaque résultat
Percentile par nombre de réponses
Votre historique - résultats
Vous n’avez pas pris ce quiz